01602nam a2200265 i 4500001000300000245015600003246006800159260007000227300002100297490026500318500017600583504002800759650004900787650006400836700003500900830011100935040000801046041001301054080004301067942000701110008004101117999001701158856009801175952006301273bg00aWspółczesna konkurencja i wielopłaszczyznowe przewagi strategiczne - problemy i polskie wyzwania.nT. 1 /cpod red. nauk. Mieczysława Moszkowicza.11aThe present-day competition and multilevel strategic advantages aWrocław :bOficyna Wydawnicza Politechniki Wrocławskiej,c2005. a362 s. ;c24 cm.1 aPrace Naukowe Instytutu Organizacji i Zarządzania Politechniki Wrocławskiej. Studia i Materiały =aScientific Papers of the Institut of Industrial Engineering and Management of the Wrocław University of Technology. Studies and Researches,x0324-9468 ;v18 aTyt. równol.: The present-day competiction and mutilevel strategic advantages - problems and challenges faced in Poland". Nr serii gł.: 76. Streszcz. ang. przy pracach. aBibliogr. przy pracach. 9aKonkurencjaxzagadnieniazPolskayod 1989 r. 9aZarządzanie strategicznexzagadnieniazPolskayod 1989 r.1 aMOSZKOWICZ, Mieczysław.eRed. 0aPrace Naukowe Instytutu Organizacji i Zarządzania Politechniki Wrocławskiej.pStudia i Materiały ;v18 cBPK0 apolbeng a658.1/.5.012.4:339.137](438)"1989/..." cKS s pl f |000 0 pol  c46698d46698 uhttp://koha.tu.koszalin.pl/cgi-bin/koha/opac-detail.pl?biblionumber=46698yKatalog online BPK 00104071aBPKbBPKceho76813p02270449t658.1/.5 OpyKS